000 01038nam a2200265Ia 4500
003 OSt
005 20220923211116.0
006 a|||||r|||| 00| 0
007 ta
008 220922b |||||||| |||| 00| 0 urd d
020 _a8181434331 (pbk)
_c75
024 _a242,328
037 _b512, 08/03/2010, Vani Prakashan
_cTextual
040 _aARTS
_cARTS
_burd
041 _2urd
_aurd
082 _aO168,3N05:g, 152P6
100 _aसिद्दीक़ी, शकील, संपा.
_9158323
245 0 _aतरक़्कीपसंद तहरीक और सज्जाद ज़हीर
246 _aTarak़kīpasanda taharīk aur sajjād ज़hīra
260 _aनयी दिल्ली
_b वाणी प्रकाशन
_c2006
300 _a112पृ0
_ccm.
650 _aउर्दू साहित्य
_9158324
942 _hO168,3N05:g, 152P6
_cTEXL
_2CC
999 _c295383
_d295383